00534 2200217 4500001002100000005001500021035002000036007000300056008004100059020002200100082000800122084001400130100001400144245002300158250001100181260004600192300002900238650001700267990001600284990001600300INLIS00000000000150420230110094447 a0010-0123000002ta230110 d f ind  a978-623-97262-8-7 a813 a813 TER m0 aTere Liye1 aBulan /cTere Liye aCet. 5 aJakarta :bPT Sabak Grip Nusantara,c2022 a397 hlm. ;c13.5 x 20 cm aNovel Remaja a00000013426 a00000013427